Statistiques concernant Pokémon - Les attaques de Mateloutre

Cliquez ici pour prendre le quiz!

Statistiques générales

  • Ce quiz a été pris 6 fois
  • Le résultat moyen est 10 sur 15

Statistiques - réponses

NiveauxTypesNoms des attaques% Correct
DépartNormalCharge
100%
Niveau 53EauHydrocanon
100%
Départ
Niveau 5
NormalMimi-Queue
100%
Départ
Niveau 7
EauPistolet à O
100%
Niveau 26EauVibraqua
100%
Niveau 18EauCoquilame
80%
Niveau 34EauAqua-Jet
60%
Niveau 21InsecteTaillade
60%
Départ
Niveau 11
EauTourniquet
60%
Niveau 29CombatVendetta
60%
Niveau 50NormalDanse-Lames
40%
Niveau 42EauHydroqueue
40%
Niveau 13NormalPuissance
40%
Niveau 37NormalEncore
20%
Niveau 45NormalVengeance
20%

Distribution des résultats

Percentile par nombre de réponses

% des personnes avec chaque résultat

Votre développement - résultats

Vous n’avez pas pris ce quiz